• Baroja, Pío,

di Personal Name

Records bibliografici associati: 2

001 - CONTROL NUMBER

  • control field: 37188

003 - CONTROL NUMBER IDENTIFIER

  • control field: IT-RoINE

005 - DATE AND TIME OF LATEST TRANSACTION

  • control field: 20170720050020.0

008 - FIXED-LENGTH DATA ELEMENTS

  • fixed length control field: 170720|| aca||aabn | a|a d

040 ## - CATALOGING SOURCE

  • Original cataloging agency: IT-RoINE
  • Transcribing agency: IT-RoINE

100 ## - HEADING--PERSONAL NAME

  • Personal name: Baroja, Pío,
  • Dates associated with a name: 1872-1956
  • Form subdivision: Correspondencia

670 ## - SOURCE DATA FOUND

  • Source citation: Work cat.: (IT-RoINE)0: Baroja, Pío, 1872-1956 7167, Epistolario :, 1998.